| 000 | 00884cam a22002175a 4500 | ||
|---|---|---|---|
| 001 | L157148 | ||
| 008 | 120910s2012 xxk f 000 0 eng d | ||
| 020 | _a9781848062658 | ||
| 035 | _a(Sirsi) u157148 | ||
| 041 | 0 | _aeng | |
| 050 | 0 | 4 | _a306.1 $2 18 |
| 100 | 1 | _aUtley, Janet | |
| 245 | 0 | 0 |
_aNinety years of housing, 1921-2011 _btrends relating to living standards, energy use and carbon emissions |
| 260 |
_aWatford _bBRE _c2012 |
||
| 300 |
_aiv, 41p. _bcol. ill. _c30cm. |
||
| 520 | _aLooks at the changes to housing which have occurred over the last 90 years, and which have contributed to improved standards of living, energy efficiency and CO2 emissions. Looks at improvements which will need to be made by 2050 to meet the current targets to cut emissions. | ||
| 651 | 4 |
_aUnited Kingdom _y |
|
| 690 |
_aResidential property _96266 |
||
| 700 | 1 | _aShorrock, Les | |
| 942 | _n0 | ||
| 999 |
_c114627 _d114627 |
||